000 00187 a2200097 4500
001 125076
040 _cEscola Canadense de Niteroi
090 _aC7
245 1 0 _aClaude Monet
942 _cBK
999 _c125076
_d125076